00497nam a2200181Ia 4500003000400000005001700004008004100021020001800062040000700080041000800087082001800095100004200113245008300155250000600238260004100244300001600285365001400301OSt20230413105636.0210423s2011 xx 000 0 und d a9781412976916 cAL aeng a302.2301 DAIM aDAINTON (Marianne);ZELLEY (Elaine D). aApplying communication theory for professional life: a practical introduction. a2 aLos AngelesbSage Publicationsc2011 axvi,246bPB b2835cINR